01468nam0a22002531 4500001001100000005001700011021001900028035002600047100004100073101000800114102000700122105001800129200052700147210003200674215003200706225012900738300004500867606012500912700006601037701005201103801001801155801002201173852001901195rc\424205720250612024949.0 aRUb[66-49798] a(NLR Aleph) 008470914 a20130416d1966 |||y0rusy50 ca0 arus aRU aa z |||||1 aОпыт применения счетно-перфорационных машин в управлении промышленным предприятиемfОбъединение по руководству науч.-техн. информацией и пропагандой в РСФСР при Гос. ком. Совета Министров СССР по науке и технике "Ростехинформ". Гос. науч.-исслед. ин-т науч. и техн. информации "ГосИНТИ" aМоскваcБ. и.d1966 a18 с., 2 л. табл.d211 aПередовой научно-технический и производственный опытv№ 13-66-1082/30 aНа обл. авт. не указаны aМашиностроительные заводыxУправлениеxМатематические методы2psbo 1aАсадуллинbА.З.gАльберт Зуфарович 1aСоинbП.В.gПетр Васильевич 0aRUbNLRgpsbo 1aRUbELAR2rusmarc aNLRjП11/2295